<?xml version="1.0" encoding="UTF-8"?><?xml-stylesheet type="text/xsl" href="static/style.xsl"?><OAI-PMH xmlns="http://www.openarchives.org/OAI/2.0/" xmlns:xsi="http://www.w3.org/2001/XMLSchema-instance" xsi:schemaLocation="http://www.openarchives.org/OAI/2.0/ http://www.openarchives.org/OAI/2.0/OAI-PMH.xsd"><responseDate>2026-04-27T12:56:18Z</responseDate><request verb="GetRecord" identifier="oai:uvadoc.uva.es:10324/52447" metadataPrefix="marc">https://uvadoc.uva.es/oai/request</request><GetRecord><record><header><identifier>oai:uvadoc.uva.es:10324/52447</identifier><datestamp>2023-05-23T07:02:32Z</datestamp><setSpec>com_10324_1166</setSpec><setSpec>com_10324_931</setSpec><setSpec>com_10324_894</setSpec><setSpec>col_10324_1338</setSpec></header><metadata><record xmlns="http://www.loc.gov/MARC21/slim" xmlns:doc="http://www.lyncode.com/xoai" xmlns:xsi="http://www.w3.org/2001/XMLSchema-instance" xmlns:dcterms="http://purl.org/dc/terms/" xsi:schemaLocation="http://www.loc.gov/MARC21/slim http://www.loc.gov/standards/marcxml/schema/MARC21slim.xsd">
<leader>00925njm 22002777a 4500</leader>
<datafield tag="042" ind1=" " ind2=" ">
<subfield code="a">dc</subfield>
</datafield>
<datafield tag="720" ind1=" " ind2=" ">
<subfield code="a">Guerra Oliveira, Priscila</subfield>
<subfield code="e">author</subfield>
</datafield>
<datafield tag="720" ind1=" " ind2=" ">
<subfield code="a">Belorio, Mayara</subfield>
<subfield code="e">author</subfield>
</datafield>
<datafield tag="720" ind1=" " ind2=" ">
<subfield code="a">Gómez Pallarés, Manuel</subfield>
<subfield code="e">author</subfield>
</datafield>
<datafield tag="260" ind1=" " ind2=" ">
<subfield code="c">2022</subfield>
</datafield>
<datafield tag="520" ind1=" " ind2=" ">
<subfield code="a">Bread is one of the most wasted products in both industry and retail. This study analysed the use of&#xd;
bread flour of various particle sizes (1000 lm, 500 lm and 200 lm) in different percentages for sponge&#xd;
formulations (10% and 20%) and layer cakes (10%, 20% and 30%). Viscosity, microstructure and den-&#xd;
sity of batters, as well as specific volume, texture and colour of cakes were evaluated. The inclusion of&#xd;
bread flour change batter microstructure. Viscosity does not affect the sponge batters but it tends to&#xd;
increase in the layers, mostly in the case of finer flours. The specific volume is reduced in sponge cakes&#xd;
while hardness is generally increased, even with the lowest percentages of bread flour. In layers, this&#xd;
reduction in volume is only visible at the highest doses of flours below 500 microns with no changes in&#xd;
hardness.</subfield>
</datafield>
<datafield tag="024" ind2=" " ind1="8">
<subfield code="a">International Journal of Food Science &amp; Technology, 2022.</subfield>
</datafield>
<datafield tag="024" ind2=" " ind1="8">
<subfield code="a">0950-5423</subfield>
</datafield>
<datafield tag="024" ind2=" " ind1="8">
<subfield code="a">https://uvadoc.uva.es/handle/10324/52447</subfield>
</datafield>
<datafield tag="024" ind2=" " ind1="8">
<subfield code="a">10.1111/ijfs.15577</subfield>
</datafield>
<datafield tag="024" ind2=" " ind1="8">
<subfield code="a">International Journal of Food Science &amp; Technology</subfield>
</datafield>
<datafield tag="024" ind2=" " ind1="8">
<subfield code="a">1365-2621</subfield>
</datafield>
<datafield tag="245" ind1="0" ind2="0">
<subfield code="a">Wasted bread flour as a novel ingredient in cake making</subfield>
</datafield>
</record></metadata></record></GetRecord></OAI-PMH>